000 00670nam a22002417a 4500
003 CHAP
005 20220329134308.0
008 971013s r 00010 d
010 _a18319
011 _a19291
035 _a23376
040 _cCHAP
090 _aR-866
100 0 0 _aJull, Morley Allan.
_962335
245 _aRazas de gallinas ponedoras y su crianza
500 _aSobretiro de : Boletín de la Unión Panamericana (10 p.)
590 _aBATCH-UPD
_b10
_c20130110
_lUCH01
_h1823
590 _aCONVERSION
_b10
_c20130109
_lUCH01
_h1311
650 1 4 _aGallinas.
_944441
901 _aBK
942 _cREIMP
949 _aR-866
_bBC
_cR
_d-54433
_eTS1
_i23376
_si
999 _c18319
_d18319